[Event "Madrid San Viator op-A 30th"]
[Site "Madrid"]
[Date "2018.04.15"]
[Round "2"]
[White "Cid Garcia, Ramon"]
[Black "Montoya Gandia, Manuel"]
[Result "1/2-1/2"]
[WhiteElo "1847"]
[BlackElo "1639"]
[PlyCount "42"]
[EventDate "2018.04.08"]
[EventType "swiss"]
[EventRounds "9"]
[EventCountry "ESP"]
[SourceTitle "EXT 2019"]
[Source "ChessBase"]
[SourceDate "2018.10.10"]
[SourceVersion "1"]
[SourceVersionDate "2018.10.10"]
[SourceQuality "1"]

1. b3 Nf6 2. Bb2 d5 3. e3 g6 4. c4 c6 5. cxd5 cxd5 6. Bxf6 exf6 7. Nf3 Bg7 8. Bb5+ Nc6 9. 0-0 0-0 10. Bxc6 bxc6 11. Qc2 Bb7 12. d4 Rc8 13. b4 Re8 14. Nc3 a5 15. a3 axb4 16. axb4 Qd6 17. Na4 Ba6 18. Rfb1 Bb5 19. Nc5 Ra8 20. Ne1 f5 21. Ned3 Qe7 1/2-1/2

[Event "Collado Villalba op-B 29th"]
[Site "Collado Villalba"]
[Date "2012.08.30"]
[Round "7"]
[White "Leniz Martinez, Francisco"]
[Black "Montoya Gandia, Manuel"]
[Result "0-1"]
[WhiteElo "1834"]
[BlackElo "1690"]
[PlyCount "62"]
[EventDate "2012.08.24"]
[EventType "swiss"]
[EventRounds "9"]
[EventCountry "ESP"]
[SourceTitle "CBM 150 Extra"]
[Source "ChessBase"]
[SourceDate "2012.10.19"]
[SourceVersion "1"]
[SourceVersionDate "2012.10.19"]
[SourceQuality "1"]

1. e4 c5 2. Nf3 Nc6 3. d4 cxd4 4. Nxd4 Nf6 5. Nc3 e5 6. Ndb5 d6 7. Bg5 a6 8. Bxf6 gxf6 9. Na3 b5 10. Nd5 Bg7 11. c3 Ne7 12. Nc2 f5 13. a4 bxa4 14. exf5 Nxd5 15. Qxd5 Rb8 16. Qc6+ Bd7 17. Qxd6 Rxb2 18. 0-0-0 Rb6 19. Qd5 Bh6+ 20. Ne3 Qe7 21. Bc4 Bc6 22. Qd3 0-0 23. Rhe1 Rfb8 24. Re2 Qb7 25. Kd2 Bxg2 26. Rg1 Kh8 27. Ke1 Rb1+ 28. Nd1 Bf3 29. Qc2 Rc1 30. Qd3 Qb1 31. Qxf3 Rxd1# 0-1